La sexualidad femenina : nuevas aportaciones psicoanáliticas /
Na minha lista:
| Autor principal: | |
|---|---|
| Formato: | Livro |
| Idioma: | espanhol |
| Publicado em: |
Barcelona, España :
Laia,
1973, c1973
|
| Assuntos: | |
| Tags: |
Sem tags, seja o primeiro a adicionar uma tag!
|
MARC
| LEADER | 00000nam^a2200000^a^4500 | ||
|---|---|---|---|
| 001 | 000178936 | ||
| 005 | 20250521000000.0 | ||
| 009 | 20260310101806.593 | ||
| 020 | |a 84-7-222-458-9 | ||
| 037 | |a Acervo ITESO - Biblioteca | ||
| 041 | |a ESP | ||
| 082 | |a 305. 42 |b CHA | ||
| 100 | |a Chasseguet-Smirgel, Janine |e (ed.) | ||
| 245 | 1 | 3 | |a La sexualidad femenina : |b nuevas aportaciones psicoanáliticas / |c Ed. e introd. de J. Chasseguet-Smirgel ; tr. por Emilio Jiménez Martín. |
| 264 | 4 | |a Barcelona, España : |b Laia, |c 1973, c1973 | |
| 300 | |a 257 p. | ||
| 336 | |a texto |b txt |2 rdacontenido | ||
| 337 | |a sin mediación |b n |2 rdamedio | ||
| 338 | |a volumen |b nc |2 rdasoporte | ||
| 500 | |a Traducción de: La sexualité féminine: recherches psychanalytiques nouvelles | ||
| 649 | |a XX | ||
| 650 | |a Mujeres - |x Condiciones Psicológicas | ||
| 650 | |a Sexualidad | ||
| 650 | |a Narcisismo | ||
| 650 | |a Objeto (Psicoanálisis) | ||
| 650 | |a Complejo de Edipo | ||
| 650 | |a Culpa | ||
| 650 | |a Envidia de Pene | ||
| 650 | |a Homosexualidad | ||
| 650 | |a Psicología Clínica | ||
| 650 | |a Psicoanálisis | ||
| 910 | |a Fondo Armando Suárez Gómez | ||
| 920 | |a Impresos - Libros | ||
| 930 | |a Fondos Especiales | ||
| 905 | |a 111 | ||
| 901 | |a 0500013362 |b IT2 |c ESP |u 20250521 | ||
| 902 | |a https://opac.biblio.iteso.mx/vufind/Record/000178936 | ||